| 000 | 01211cab a2200265 4500 | ||
|---|---|---|---|
| 001 | E86874 | ||
| 008 | 090401t1997 xxu||||| |||| 00| 0 eng d | ||
| 035 | _a(Sirsi) u81271 | ||
| 041 | _aeng | ||
| 245 | _aTennant v East Kilbride District Council | ||
| 260 | _c1997 | ||
| 350 | _a0 | ||
| 490 |
_aScots Law Times _v1997 SLT(Lands Tr) 14-21(*) |
||
| 520 | _aLands Tribunal for Scotland. 25 October 1996. Landlord and tenant - public sector housing - tenants` rights - purchase of dwellinghouse - price - discount on market value - reduction of discount where discount allowed on previous purchase of other house - wife tenant having separated from husband after jointly purchasing house tenanted by hussband and since transferred to husband`s sole name - period for which discount fell to be calculated - "appropriate person" for purposes of receipt of previous discount. | ||
| 650 | _aHOUSING (SCOTLAND) ACT 1987 | ||
| 650 | _aLANDS TRIBUNAL FOR SCOTLAND | ||
| 650 | _aLTS | ||
| 650 | _aPUBLIC SECTOR HOUSING | ||
| 650 | _aRIGHTS TO BUY | ||
| 650 | _aSCOTS LAW | ||
| 650 | _aTENANTS' RIGHTS | ||
| 690 | _aLANDLORD AND TENANT-CASE LAW-RESIDENTIAL TENANCIES | ||
| 942 | _n0 | ||
| 948 | _c06/10/1997 | ||
| 999 |
_c51210 _d51210 |
||